Islamic Education/ (Record no. 35830)
[ view plain ]
| 000 -LEADER | |
|---|---|
| fixed length control field | 00450nam a22001577a 4500 |
| 005 - DATE AND TIME OF LATEST TRANSACTION | |
| control field | 20240603113231.0 |
| 008 - FIXED-LENGTH DATA ELEMENTS--GENERAL INFORMATION | |
| fixed length control field | 240603b |||||||| |||| 00| 0 eng d |
| 082 ## - DEWEY DECIMAL CLASSIFICATION NUMBER | |
| Classification number | 297.05 |
| Item number | BUK-I |
| 100 ## - MAIN ENTRY--AUTHOR | |
| Author Name | Bukhari;A.S |
| 245 ## - TITLE STATEMENT | |
| Title | Islamic Education/ |
| Statement of responsibility, etc. | A.S.Bukhari |
| 260 ## - PUBLICATION, DISTRIBUTION, ETC. | |
| Place of Publication | Lahore; |
| Name of publisher, distributor, etc. | Aziz Book Depot; |
| Date of publication, distribution, etc. | 2018. |
| 300 ## - PHYSICAL DESCRIPTION | |
| Pages | 372 p.: |
| 650 ## - SUBJECT ADDED ENTRY--TOPICAL TERM | |
| Subject / Department | Religion/Islamic Studies |
| 700 ## - ADDED ENTRY--PERSONAL NAME | |
| Personal name | M.D.Zafar; Dr.M.Yahya; Prof.Abdul Sattar Shakir |
| 300 ## - PHYSICAL DESCRIPTION | |
| -- | 20.5 cm. |
| 952 ## - LOCATION AND ITEM INFORMATION (KOHA) | |
| -- | 0 |
| -- | 0 |
| Lost status | Damaged status | Collection code | Permanent Location | Current Location | Shelving Location | Date acquired | Full Call Number | Accession No./Barcode | Date last seen | item type | Koha item type |
|---|---|---|---|---|---|---|---|---|---|---|---|
| Literature/Urdu/eng/Islamic | Superior Information Resource Center (SIRC) Superior University - City Campus | Superior Information Resource Center (SIRC) Superior University - City Campus | Islamic Studies | 06/03/2024 | 297.05 BUK-I 2017 | 28159 | 06/03/2024 | BOOK | BOOK |
